000 00734nam a2200241 a 4500
008
020 _a1573563897 (hbk. )
049 _aMAIN
090 _aCD3021
_bARC
245 1 0 _aArchival information :
_bhow to find it, how to use it /
_cedited by Steven Fisher.
260 _aWestport :
_bGreenwood Press,
_c2004.
300 _axii, 180 p. ;
_c29 cm.
490 _aHow to find it, how to use it
500 _aIncludes index.
504 _aIncludes bibliographical references.
650 1 _aArchives
_zUnited States.
700 _aFisher, Steven.
907 _a.b10221542
_b30-09-13
_c30-11-06
003
005 20230123134309.0
040 _cNUST
942 _cBOOKS
_kCD3021
_mARC
999 _c163445
_d163445